Introducción a la Computación para Ingenieros (Registro nro. 11986)
[ vista simple ]
| 000 -LÍDER | |
|---|---|
| fixed length control field | 00599nam a2200169 4500 |
| 008 - ELEMENTOS DE LONGITUD FIJA -- INFORMACIÓN GENERAL | |
| fixed length control field | 01989 1989 0a 000 0MEX |
| 020 ## - NÚMERO INTERNACIONAL NORMALIZADO PARA LIBROS | |
| ISBN | 968-422-487-7 |
| 050 ## - SIGNATURA TOPOGRAFICA DE LA BIBLIOTECA DEL CONGRESO (LC) | |
| Número de Clasificación | TA345 C467 |
| 082 ## - NUMERO DE CLASIFICACION DECIMAL DEWEY | |
| Número de Clasificación | 001.642 C332i |
| 100 ## - ASIENTO PRINCIPAL--NOMBRE PERSONAL | |
| Nombre personal | Chapra, Steven C. |
| 245 ## - TÍTULO | |
| Título | Introducción a la Computación para Ingenieros |
| 260 ## - PUBLICACIÓN, DISTRIBUCIÓN, ETC. (PIE DE IMPRENTA) | |
| Lugar de publicación, distribución, etc. | México: McGraw-Hill |
| 300 ## - DESCRIPCIÓN FÍSICA | |
| Extensión | xxv, 739 p. / 24 cm. |
| 500 ## - NOTA GENERAL | |
| Nota general | Incluye prefacio, ap‚ndice, índice y referencias. |
| 650 ## - ASIENTO SECUNDARIO DE MATERIA - TERMINO TEMÁTICO | |
| Término temático o nombre geográfico como elemento de entrada | 1. INGENIERIA-PROCESAMIENTO DE DATOS |
| 700 ## - ASIENTO SECUNDARIO - NOMBRE PERSONAL | |
| Nombre personal | Canale, Raymond P., Coaut. \ Cortés Anaya, Alfredo, Tr. \ Vera Badillo, Fernando, Rev. |
| No. biblioteca | No. biblioteca | Número de clasificación | Código de barras/Número de adquisición | Número de copia | Tipo de material |
|---|---|---|---|---|---|
| ÁREA DE INFORMÁTICA | ÁREA DE INFORMÁTICA | 001.642 C332i | 13676 | 1 | Libros |
| ÁREA DE INFORMÁTICA | ÁREA DE INFORMÁTICA | 001.642 C332i | 13677 | 2 | Libros |
| ÁREA DE INFORMÁTICA | ÁREA DE INFORMÁTICA | 001.642 C332i | 13678 | 3 | Libros |
| ÁREA DE INFORMÁTICA | ÁREA DE INFORMÁTICA | 001.642 C332i | 20735 | 7 | Libros |
| ÁREA DE INFORMÁTICA | ÁREA DE INFORMÁTICA | 001.642 C332i | 20736 | 8 | Libros |
| ÁREA DE INFORMÁTICA | ÁREA DE INFORMÁTICA | 001.642 C332i | 20737 | 9 | Libros |
| ÁREA DE INFORMÁTICA | ÁREA DE INFORMÁTICA | 001.642 C332i | 15925 | 10 | Libros |
